Представление документа в формате RUSMARC

ПолеНазваниеЗначение
  Тип записи i
  Библиографический уровень m
001 Контрольный номер RU/IS/BASE/560865055
005 Дата корректировки 20201206205106.1
010 Индекс ISBN __
a ISBN (в кор.)
d Цена 168-15
100 Данные общей обработки __
a Данные общей обработки 19171009d2012||||||| 0rusy0189 ca
101 Язык документа 0_
a Язык текста rus
102 Страна публикации __
a Страна публикации ru
105 Кодированные данные (монография) __
a Кодированные данные (монография) nn|||||||f|zy
127 Кодированные данные (звукозаписи-физические характеристики) __
a Продолжительность проигрывания 04 ч
200 Заглавие и сведения об ответственности 1_
a Заглавие Старичок с Большой Пушкарской
e Сведения, относящиеся к заглавию [повесть]
f Первые сведения об ответственности Александр Житинский, А. А. Житинская ; чтение и музыка Саша Артишок ; [запись Р. Юхимчук]
b Общее обозначение материала Звукозапись
210 Выходные данные __
a Место издания Москва
c Издательство Геликон Плюс
c Издательство АРДИС
d Дата издания 2012
215 Физическое описание __
a Объем 1 электрон. опт. диск (Audio CD)
c Иллюстрации/тип воспроизводства mp3, stereo
d Формат 12х14 см
225 Серия __
a Серия Детская аудиокнига
230 Специфическая характеристика материала: электронные ресурсы __
a Обозначение и объем ресурса Электронные звуковые данные
300 Общие примечания __
a Общие примечания Заглавие с этикетки диска
323 Примечание о главных создателях, исполнителях, участниках __
a Примечание о главных создателях, исполнителях, участниках Артишок, А. (читает)
330 Аннотация __
a Аннотация На диске представлена повесть популярного питерского писателя Александра Житинского, имя которого хорошо знакомо современному читателю. Он известен и как автор романов, повестей и рассказов, и как издатель, и как общественный деятель. Увлекательная история о невероятных приключениях девочки Саньки и ее друга - инопланетянина по имени Альшоль понравится и детям, и взрослым. Эту веселую и одновременно грустную историю прекрасно исполнила пианистка, композитор, арт-директор питерского клуба "Книги и кофе" Саша Артишок.
333 Примечание о целевом назначении __
a Примечание о целевом назначении 12+. Для детей старше 12 лет
337 Примечание о системных требованиях (электронные ресурсы) __
a Примечание о системных требованиях (электронные ресурсы) Системные требования: CD-плеер с поддержкой mp3 или Pentium-233 ; Windows 9x-XP ; CD-ROM ; звуковая карта
606 Тематические рубрики __
a Основная рубрика Художественная литература
606 Тематические рубрики __
a Основная рубрика Современная русская литература (произведения)
610 Ключевые слова __
a Ключевые слова детская литература
a Ключевые слова повести
a Ключевые слова тема детства
a Ключевые слова тема дружбы
a Ключевые слова тема инопланетян
a Ключевые слова тема приключений
a Ключевые слова фантастика
686 Индексы других классификаций __
2 Код системы rubbks
a Классификационный индекс ст84(2Рос=Рус)6-445я0
700 Автор _1
a Фамилия Житинский
b Имя А. Н.
f Даты 1941-2012
g Полное личное имя Александр Николаевич
4 Код отношения 070
701 Альтернативная интеллектуальная ответственность _1
a Фамилия Житинская
b Имя А. А.
4 Код отношения 070
702 Вторичная интеллектуальная ответственность _1
a Фамилия Артишок
b Имя А.
4 Код отношения Композитор
4 Код отношения 230
702 Вторичная интеллектуальная ответственность _1
a Фамилия Юхимчук
b Имя Р.
4 Код отношения Прочие
4 Код отношения 570
801 Источник записи _0
a Страна ru
b Организация Муниципальное бюджетное учреждение культуры "Централизованная библиотечная система" г. Сургут (Центральная городская библиотека им. А. С. Пушкина)
c Дата составления 20171009
g Правила каталогизации RCR
801 Источник записи _1
a Страна ru
b Организация Муниципальное бюджетное учреждение культуры "Централизованная библиотечная система" г. Сургут (Центральная городская библиотека им. А. С. Пушкина)
c Дата составления 20171009
g Правила каталогизации RCR
852 Данные о местонахождении __
j Шифр хранения ст84(2Рос=Рус)6-445я0
i Авторский знак Ж 74
901 Тип документа __
a Ответственный КиК/Апакова
t Тип документа 0
903 Характеристики (МАРС) __
a Дата передачи 20171009
969 Тип издания __
a Тип издания аудиокнига; издание для слепых; издание для детей
990 Данные о заказе (DOS) __
j Количество экземпляров (DOS) 7
t N записи в КСУ для И/У (DOS) 201710